[Event "SCO-ch 125th"]
[Site "Paisley"]
[Date "2018.07.10"]
[Round "4"]
[White "Jelfs, Alan"]
[Black "Shafi, Declan"]
[Result "0-1"]
[WhiteElo "1853"]
[BlackElo "2177"]
[PlyCount "64"]
[EventDate "2018.07.07"]
[EventType "swiss"]
[EventRounds "9"]
[EventCountry "SCO"]
[SourceTitle "CBM 185 Extra"]
[Source "ChessBase"]
[SourceDate "2018.07.29"]
[SourceVersion "1"]
[SourceVersionDate "2018.07.29"]
[SourceQuality "1"]

1. d4 Nf6 2. c4 g6 3. Nc3 d5 4. Bf4 Bg7 5. e3 0-0 6. Rc1 Be6 7. Qb3 c5 8. Qxb7 Qb6 9. Qxb6 axb6 10. Nf3 dxc4 11. Ng5 Bd5 12. e4 cxd4 13. Nxd5 Nxd5 14. exd5 b5 15. b3 d3 16. bxc4 Bb2 17. Bxd3 Bxc1 18. Bxc1 bxc4 19. Bb1 Ra5 20. 0-0 Rxd5 21. Ne4 Rfd8 22. Nc3 R5d7 23. Bc2 Na6 24. Rd1 Rxd1+ 25. Bxd1 Rd3 26. Bb2 Nb4 27. Be2 Rd2 28. Ba3 Nxa2 29. Bxc4 Nxc3 30. Bb3 Ne2+ 31. Kf1 Nd4 32. Ba4 Ra2 0-1

[Event "Perth Congress"]
[Site "Perth"]
[Date "2017.02.18"]
[Round "2"]
[White "Jelfs, Alan"]
[Black "Roberts, Paul"]
[Result "0-1"]
[WhiteElo "1912"]
[BlackElo "2151"]
[PlyCount "78"]
[EventDate "2017.02.17"]
[EventType "swiss"]
[EventRounds "5"]
[EventCountry "SCO"]
[SourceTitle "CBM 176 Extra"]
[Source "ChessBase"]
[SourceDate "2017.03.02"]
[SourceVersion "1"]
[SourceVersionDate "2017.03.02"]
[SourceQuality "1"]

1. d4 d5 2. c4 c5 3. cxd5 Qxd5 4. Nf3 cxd4 5. Nc3 Qa5 6. Nxd4 Nf6 7. Bd2 Qb6 8. e3 e5 9. Na4 Qd8 10. Nf3 Nc6 11. Bb5 Bd6 12. Rc1 0-0 13. Bxc6 bxc6 14. Bc3 Qe7 15. Qc2 Re8 16. b3 Nd5 17. 0-0 e4 18. Nd2 Qh4 19. g3 Qh3 20. Nc4 Bc7 21. f4 exf3 22. Rxf3 Bg4 23. Qf2 Bxf3 24. Qxf3 Nxc3 25. Nxc3 Qe6 26. Ne2 Qd5 27. Qf2 Re6 28. Nc3 Qd3 29. Ne2 Rf6 30. Qg2 Rd8 31. Nf4 Bxf4 32. exf4 Re6 33. Rf1 Qd4+ 34. Kh1 Qd5 35. f5 Re2 36. Qxd5 cxd5 37. Na5 Rxa2 38. Nc6 Re8 39. Rc1 h5 0-1

[Event "SCO-ch 122nd"]
[Site "Edinburgh"]
[Date "2015.07.18"]
[Round "8"]
[White "Jennings, Richard"]
[Black "Jelfs, Alan"]
[Result "0-1"]
[WhiteElo "1767"]
[BlackElo "1889"]
[PlyCount "126"]
[EventDate "2015.07.11"]
[EventType "swiss"]
[EventRounds "9"]
[EventCountry "SCO"]
[SourceTitle "CBM 167 Extra"]
[Source "ChessBase"]
[SourceDate "2015.09.14"]
[SourceVersion "1"]
[SourceVersionDate "2015.09.14"]
[SourceQuality "1"]

1. c4 f5 2. g3 Nf6 3. Nc3 e6 4. Bg2 Be7 5. d3 0-0 6. e4 fxe4 7. dxe4 e5 8. Nge2 d6 9. 0-0 Be6 10. Nd5 Nbd7 11. b3 a5 12. h3 Nc5 13. Qc2 Qd7 14. f4 Nxd5 15. cxd5 Bxh3 16. f5 Bxg2 17. Kxg2 Qd8 18. Rh1 Bg5 19. Rh5 Bxc1 20. Rxc1 g6 21. Rh6 Qg5 22. Rch1 gxf5 23. R6h5 Qe3 24. exf5 Nd3 25. Nc3 Rf7 26. Qe2 Qd4 27. Ne4 Rg7 28. R1h4 Nf4+ 29. Rxf4 exf4 30. g4 Rf8 31. f6 Rg6 32. Rf5 Kh8 33. Kf3 Qe3+ 34. Qxe3 fxe3 35. Rf4 Kg8 36. Kxe3 Kf7 37. Kf3 Re8 38. Rf5 Rxe4 39. Kxe4 Rxg4+ 40. Ke3 Rg6 41. Rf4 Rg8 42. Rh4 Re8+ 43. Kd3 Kg6 44. Rc4 Rc8 45. Rf4 Rf8 46. Ra4 b6 47. Kc4 Kxf6 48. Kb5 Kg5 49. Kc6 Rf7 50. b4 axb4 51. Ra7 Kf5 52. Ra4 h5 53. Rxb4 Rh7 54. Ra4 h4 55. Ra3 h3 56. Rf3+ Ke4 57. Rf1 h2 58. Rh1 Kf3 59. Rb1 h1Q 60. Rxh1 Rxh1 61. Kxc7 Ke4 62. Kxd6 Rh6+ 63. Kc7 Kxd5 0-1

[Event "SCO-ch 122nd"]
[Site "Edinburgh"]
[Date "2015.07.14"]
[Round "4"]
[White "Petesch, Gabriel N"]
[Black "Jelfs, Alan"]
[Result "1-0"]
[WhiteElo "2242"]
[BlackElo "1889"]
[PlyCount "37"]
[EventDate "2015.07.11"]
[EventType "swiss"]
[EventRounds "9"]
[EventCountry "SCO"]
[SourceTitle "CBM 167 Extra"]
[Source "ChessBase"]
[SourceDate "2015.09.14"]
[SourceVersion "1"]
[SourceVersionDate "2015.09.14"]
[SourceQuality "1"]

1. b4 e6 2. Bb2 f5 3. e4 Qe7 4. exf5 exf5+ 5. Be2 Nf6 6. Nf3 g6 7. 0-0 Bg7 8. Bc4 Kd8 9. Re1 Ne4 10. Nc3 Qxb4 11. Bb3 c6 12. Qc1 Rf8 13. Ba3 Qb6 14. Nxe4 fxe4 15. Bxf8 Bxf8 16. Rxe4 d5 17. Re1 Bg7 18. d4 Bf5 19. Qg5+ 1-0

[Event "Commonwealth-ch"]
[Site "Glasgow"]
[Date "2014.07.04"]
[Round "4"]
[White "O'Rourke, Bryan"]
[Black "Jelfs, Alan"]
[Result "0-1"]
[WhiteElo "1474"]
[BlackElo "1909"]
[PlyCount "63"]
[EventDate "2014.06.30"]
[EventType "swiss"]
[EventRounds "9"]
[EventCountry "SCO"]
[SourceTitle "CBM 161 Extra"]
[Source "ChessBase"]
[SourceDate "2014.08.29"]
[SourceVersion "1"]
[SourceVersionDate "2014.08.29"]
[SourceQuality "1"]

1. e4 e5 2. Nf3 Nc6 3. Bc4 Nf6 4. Ng5 Bc5 5. Bxf7+ Ke7 6. Bb3 Rf8 7. 0-0 d6 8. d3 Bg4 9. Nf3 Nd4 10. Nbd2 Qe8 11. c3 Nxf3+ 12. Nxf3 Qh5 13. Qe2 Nd7 14. Bd1 h6 15. Be3 Rf6 16. Bxc5 Nxc5 17. Qe3 Raf8 18. Nd2 Bxd1 19. Raxd1 Rxf2 20. d4 Qg4 21. Qxf2 Rxf2 22. Kxf2 Qf4+ 23. Kg1 Qe3+ 24. Kh1 Nd3 25. Nc4 Nf2+ 26. Rxf2 Qxf2 27. dxe5 Qe2 28. exd6+ cxd6 29. Ne3 Qxe3 30. h3 Qxe4 31. Kg1 Qe2 32. Rd3 0-1

[Event "Ayr Shire & Arran Congress"]
[Site "Ayr"]
[Date "2014.05.25"]
[Round "4"]
[White "Smith, Peter R"]
[Black "Jelfs, Alan"]
[Result "1-0"]
[WhiteElo "1898"]
[BlackElo "1922"]
[PlyCount "69"]
[EventDate "2014.05.??"]
[EventType "swiss"]
[EventRounds "5"]
[EventCountry "SCO"]
[SourceTitle "EXT 2023"]
[Source "ChessBase"]
[SourceDate "2022.10.05"]
[SourceVersion "1"]
[SourceVersionDate "2022.10.05"]
[SourceQuality "1"]

1. e4 e5 2. Nf3 Nc6 3. Bb5 a6 4. Ba4 Nf6 5. 0-0 Nxe4 6. d4 b5 7. Bb3 d5 8. Nxe5 Nxe5 9. dxe5 c6 10. c3 Bc5 11. Nd2 Nxf2 12. Rxf2 0-0 13. Nf3 Bxf2+ 14. Kxf2 f6 15. exf6 Qxf6 16. Qd4 Qxd4+ 17. cxd4 Bg4 18. Bd2 Bxf3 19. gxf3 Rf6 20. Rc1 Raf8 21. f4 Kh8 22. Bc2 g5 23. f5 h6 24. Re1 Kg7 25. Bb4 Rg8 26. Be7 Rf7 27. f6+ Rxf6+ 28. Bxf6+ Kxf6 29. Re5 Rc8 30. Kg3 c5 31. Rxd5 cxd4 32. Bb3 Rc6 33. Rxd4 Ke5 34. Rd8 a5 35. Rd5+ 1-0

[Event "SCO-ch 120th"]
[Site "Helensburgh"]
[Date "2013.07.08"]
[Round "3"]
[White "Turner, Matthew"]
[Black "Jelfs, Alan"]
[Result "1-0"]
[WhiteElo "2518"]
[BlackElo "1905"]
[PlyCount "65"]
[EventDate "2013.07.06"]
[EventType "swiss"]
[EventRounds "9"]
[EventCountry "SCO"]
[SourceTitle "EXT 2014"]
[Source "ChessBase"]
[SourceDate "2013.11.20"]
[SourceVersion "1"]
[SourceVersionDate "2013.11.20"]
[SourceQuality "1"]

1. e4 e5 2. Nf3 Nc6 3. Bc4 Nf6 4. d3 Bc5 5. Nbd2 d6 6. c3 Qe7 7. a4 a5 8. h3 h6 9. 0-0 Be6 10. Qb3 Bxc4 11. Nxc4 0-0 12. Qxb7 Qd7 13. Qb3 Qe6 14. Qa2 Rfe8 15. Be3 Bxe3 16. Nxe3 Qxa2 17. Rxa2 Rab8 18. Rd1 Rb7 19. Nd2 g6 20. Ndc4 Ra8 21. g3 Kf8 22. Kg2 Ke8 23. f4 Nd7 24. Nd5 Ne7 25. Nde3 Nc6 26. Kf3 exf4 27. gxf4 h5 28. d4 Ne7 29. Rg1 f6 30. f5 d5 31. exd5 g5 32. d6 Ng8 33. Nd5 1-0

[Event "SCO-ch 120th"]
[Site "Helensburgh"]
[Date "2013.07.07"]
[Round "2"]
[White "Jelfs, Alan"]
[Black "Stone, Andrew M"]
[Result "1/2-1/2"]
[WhiteElo "1905"]
[BlackElo "2190"]
[PlyCount "60"]
[EventDate "2013.07.06"]
[EventType "swiss"]
[EventRounds "9"]
[EventCountry "SCO"]
[SourceTitle "EXT 2014"]
[Source "ChessBase"]
[SourceDate "2013.11.20"]
[SourceVersion "1"]
[SourceVersionDate "2013.11.20"]
[SourceQuality "1"]

1. d4 Nf6 2. c4 e6 3. Nf3 d5 4. Nc3 Bb4 5. Bg5 h6 6. Bxf6 Qxf6 7. e3 Bxc3+ 8. bxc3 0-0 9. Nd2 c5 10. g3 Bd7 11. cxd5 exd5 12. Bg2 Bc6 13. 0-0 Nd7 14. Qb3 cxd4 15. cxd4 Nb6 16. Rfc1 Rad8 17. Qb4 Rfe8 18. Rc3 Qe7 19. Rb1 Rd6 20. Qa3 Nc8 21. Rbc1 a6 22. Nb3 Na7 23. Qa5 Nb5 24. Rc5 Nc7 25. Qb6 Ne6 26. R5c3 Bb5 27. Qa7 b6 28. Qxe7 Rxe7 29. Bf1 Bxf1 30. Kxf1 Ng5 1/2-1/2

[Event "Oban op"]
[Site "Oban"]
[Date "2012.11.16"]
[Round "1"]
[White "Jelfs, Alan"]
[Black "Neave, George"]
[Result "1-0"]
[WhiteElo "1858"]
[BlackElo "2051"]
[PlyCount "123"]
[EventDate "2012.11.16"]
[EventType "swiss"]
[EventRounds "5"]
[EventCountry "SCO"]
[SourceTitle "EXT 2023"]
[Source "ChessBase"]
[SourceDate "2022.10.05"]
[SourceVersion "1"]
[SourceVersionDate "2022.10.05"]
[SourceQuality "1"]

1. d4 Nf6 2. c4 g6 3. Nc3 Bg7 4. Nf3 0-0 5. g3 d6 6. Bg2 a6 7. 0-0 Nc6 8. a3 e5 9. d5 Na5 10. Nd2 Bh6 11. e3 b5 12. b4 Nxc4 13. Nxc4 bxc4 14. Qe2 c6 15. dxc6 d5 16. Rd1 Be6 17. Bb2 Rc8 18. b5 axb5 19. Nxb5 Rxc6 20. Bxe5 Re8 21. Bc3 Bg4 22. Bxf6 Bxe2 23. Bxd8 Bxd1 24. Bxd5 Rc5 25. Bxf7+ Kxf7 26. Nd6+ Kf8 27. Nxe8 Kxe8 28. Rxd1 c3 29. Bf6 c2 30. Rc1 Bf8 31. Bb2 Bd6 32. Kf1 Rh5 33. h4 g5 34. hxg5 Rxg5 35. Rxc2 Ra5 36. Ke2 Kf7 37. f4 h5 38. Rc3 Rb5 39. Bc1 Rb1 40. Kf3 Ra1 41. e4 Ra2 42. e5 Be7 43. Ke4 Re2+ 44. Kd5 h4 45. gxh4 Bxh4 46. a4 Bd8 47. Rc4 Ba5 48. Kc6 Ke6 49. Kb5 Bd8 50. a5 Ra2 51. Ra4 Rc2 52. Ba3 Rc8 53. a6 Rb8+ 54. Kc4 Bb6 55. a7 Ra8 56. Ra6 Rxa7 57. Rxb6+ Kf5 58. Rf6+ Ke4 59. Bd6 Ra8 60. e6 Rc8+ 61. Kb5 Kd5 62. e7 1-0

[Event "SCO-ch 119th"]
[Site "Glasgow"]
[Date "2012.10.07"]
[Round "4"]
[White "Borwell, Alan Peter"]
[Black "Jelfs, Alan"]
[Result "0-1"]
[WhiteElo "2078"]
[BlackElo "1852"]
[PlyCount "33"]
[EventDate "2012.07.07"]
[EventType "swiss"]
[EventRounds "9"]
[EventCountry "SCO"]
[SourceTitle "CBM 149 Extra"]
[Source "ChessBase"]
[SourceDate "2012.08.24"]
[SourceVersion "1"]
[SourceVersionDate "2012.08.24"]
[SourceQuality "1"]

1. e4 e5 2. Nf3 Nc6 3. Bb5 Bc5 4. c3 f5 5. 0-0 fxe4 6. Nxe5 Nxe5 7. d4 c6 8. Be2 Bxd4 9. cxd4 Nf7 10. f3 e3 11. d5 Qe7 12. Re1 Nf6 13. Nc3 0-0 14. Bc4 Qc5 15. Qe2 cxd5 16. Bxe3 Qxc4 17. Qd2 0-1

[Event "SCO-ch 119th"]
[Site "Glasgow"]
[Date "2012.07.14"]
[Round "8"]
[White "Jelfs, Alan"]
[Black "Pyrich, George D"]
[Result "1-0"]
[WhiteElo "1852"]
[BlackElo "2007"]
[PlyCount "51"]
[EventDate "2012.07.07"]
[EventType "swiss"]
[EventRounds "9"]
[EventCountry "SCO"]
[SourceTitle "EXT 2023"]
[Source "ChessBase"]
[SourceDate "2022.10.05"]
[SourceVersion "1"]
[SourceVersionDate "2022.10.05"]
[SourceQuality "1"]

1. d4 Nf6 2. c4 e6 3. Nc3 Bb4 4. e3 0-0 5. Bd3 d5 6. Nge2 dxc4 7. Bxc4 c5 8. 0-0 Nbd7 9. Bd2 b6 10. Qb3 Bb7 11. Rad1 a6 12. Nf4 Qe7 13. a3 Bxc3 14. Bxc3 b5 15. d5 Nb6 16. d6 Qe8 17. Bxf6 gxf6 18. Nh5 Qd8 19. Bxe6 fxe6 20. Qxe6+ Kh8 21. d7 Rg8 22. e4 Rg6 23. b3 f5 24. Qe5+ Kg8 25. Rd6 Rxd6 26. Qg7# 1-0

[Event "SCO-ch 119th"]
[Site "Glasgow"]
[Date "2012.07.08"]
[Round "2"]
[White "Brown, Martin"]
[Black "Jelfs, Alan"]
[Result "1-0"]
[WhiteElo "2224"]
[BlackElo "1852"]
[PlyCount "59"]
[EventDate "2012.07.07"]
[EventType "swiss"]
[EventRounds "9"]
[EventCountry "SCO"]
[SourceTitle "CBM 149 Extra"]
[Source "ChessBase"]
[SourceDate "2012.08.24"]
[SourceVersion "1"]
[SourceVersionDate "2012.08.24"]
[SourceQuality "1"]

1. e4 e5 2. Nf3 Nc6 3. d4 exd4 4. Nxd4 Nf6 5. Nxc6 bxc6 6. e5 Qe7 7. Qe2 Nd5 8. c4 Ba6 9. b3 g6 10. f4 Bg7 11. Qf2 Nf6 12. Ba3 Qe6 13. Be2 Ne4 14. Qe3 f5 15. 0-0 d6 16. Bd3 0-0 17. Nd2 Nxd2 18. Qxd2 Rfd8 19. Rfe1 dxe5 20. fxe5 Qd7 21. Rad1 Qd4+ 22. Kh1 Bxe5 23. Qa5 Re8 24. Be4 Bb7 25. Rxd4 Bxd4 26. Bf3 Rad8 27. Rxe8+ Rxe8 28. g3 g5 29. Qxf5 Re5 30. Qf8# 1-0

[Event "Dundee & Angus op"]
[Site "Dundee"]
[Date "2012.??.??"]
[Round "4"]
[White "Bamber, Elaine"]
[Black "Jelfs, Alan"]
[Result "1-0"]
[WhiteElo "2095"]
[BlackElo "1858"]
[PlyCount "105"]
[EventDate "2012.10.13"]
[EventType "swiss"]
[EventRounds "5"]
[EventCountry "SCO"]
[SourceTitle "EXT 2017"]
[Source "ChessBase"]
[SourceDate "2016.10.25"]
[SourceVersion "1"]
[SourceVersionDate "2016.10.25"]
[SourceQuality "1"]

1. e4 e5 2. Bc4 Nf6 3. d3 Bc5 4. Nf3 0-0 5. 0-0 d6 6. Bg5 Be6 7. Nbd2 Nbd7 8. c3 Bb6 9. b4 c6 10. Bb3 Qe8 11. Qe2 Rc8 12. Rac1 Bxb3 13. axb3 Qe6 14. Nc4 Bd8 15. Nh4 b5 16. Nd2 h6 17. Bxf6 Bxf6 18. Nf5 Bg5 19. Ra1 g6 20. Ne3 Rc7 21. Ra3 Kh7 22. Rfa1 Ra8 23. Nf3 Bxe3 24. Qxe3 c5 25. bxc5 dxc5 26. c4 bxc4 27. dxc4 Nb8 28. Ra5 Qe7 29. Rd1 f6 30. Rd5 Nd7 31. Qd3 Rb8 32. h3 Nb6 33. Rd6 Nc8 34. Rd5 Nb6 35. Rd6 Nc8 36. Rda6 Rd7 37. Qe3 Rc7 38. Nh2 Rb6 39. Ng4 g5 40. Qf3 Rcc6 41. Rxb6 axb6 42. Ra8 Kg7 43. Ne3 Qb7 44. Ra1 Ne7 45. Qh5 Rd6 46. Qe8 Qd7 47. Qa8 Rc6 48. Ra7 Rc7 49. Rxc7 Qxc7 50. Qe8 Qd6 51. Kh2 Qe6 52. Nf5+ Kh7 53. Qxe7+ 1-0

[Event "Glasgow op"]
[Site "Glasgow"]
[Date "2004.11.05"]
[Round "1"]
[White "Jelfs, Alan"]
[Black "Grant, Alan"]
[Result "1/2-1/2"]
[WhiteElo "1828"]
[BlackElo "2185"]
[PlyCount "95"]
[EventDate "2004.11.05"]
[EventType "swiss"]
[EventRounds "5"]
[EventCountry "SCO"]
[SourceTitle "EXT 2006"]
[Source "ChessBase"]
[SourceDate "2005.11.24"]
[SourceVersion "1"]
[SourceVersionDate "2005.11.24"]
[SourceQuality "1"]

1. d4 e6 2. Nf3 f5 3. b3 Nf6 4. Bb2 Be7 5. g3 0-0 6. Bg2 d6 7. 0-0 Ne4 8. Nbd2 Bf6 9. Ne1 Nxd2 10. Qxd2 e5 11. dxe5 dxe5 12. Qxd8 Rxd8 13. e4 Nc6 14. c4 fxe4 15. Bxe4 Nd4 16. Kg2 c6 17. Rd1 Bg4 18. f3 Be6 19. Kf2 a5 20. Nd3 Bf7 21. Rc1 a4 22. Rc3 axb3 23. axb3 Ra2 24. Rb1 Re8 25. Nc1 Raa8 26. b4 Ra4 27. Nd3 Bg5 28. Bc1 Bxc1 29. Nxc1 g5 30. Rb2 h5 31. h3 Kg7 32. g4 h4 33. Ke3 Bg6 34. Nd3 Bxe4 35. fxe4 Ne6 36. Nxe5 Ra1 37. Nf3 Rh1 38. Rh2 Rb1 39. b5 cxb5 40. cxb5 Rxb5 41. Rd2 Re7 42. Rd6 Rb1 43. Rd5 Rh1 44. Nxg5 Kf6 45. Rf5+ Kg6 46. Nf3 Rxh3 47. Rb3 Rh1 48. Rb6 1/2-1/2

[Event "West of Scotland-ch"]
[Site "Clarkston"]
[Date "2003.05.24"]
[Round "3"]
[White "Jelfs, Alan"]
[Black "Collins, Sam Sr"]
[Result "0-1"]
[WhiteElo "1860"]
[BlackElo "1835"]
[PlyCount "64"]
[EventDate "2003.05.??"]
[EventType "swiss"]
[EventRounds "5"]
[EventCountry "SCO"]
[SourceTitle "EXT 2006"]
[Source "ChessBase"]
[SourceDate "2005.11.24"]
[SourceVersion "1"]
[SourceVersionDate "2005.11.24"]
[SourceQuality "1"]

1. d4 e6 2. c4 d5 3. Nc3 c6 4. e4 Bb4 5. e5 Ne7 6. a3 Bxc3+ 7. bxc3 0-0 8. Nf3 Nd7 9. Bd3 Ng6 10. cxd5 cxd5 11. Qc2 f5 12. h4 h6 13. h5 Ne7 14. Nh4 Nb6 15. Rh3 Qe8 16. Bf4 Bd7 17. Qd2 Kh7 18. g4 Rc8 19. g5 Ng8 20. Be2 Bb5 21. Rg3 Bxe2 22. Qxe2 hxg5 23. Bxg5 Nh6 24. Bxh6 gxh6 25. Rg6 Rg8 26. Qb2 Qe7 27. Rxg8 Rxg8 28. Ng6 Qg5 29. Qe2 Rc8 30. f4 Qg1+ 31. Qf1 Qe3+ 32. Kd1 Qxc3 0-1